000
00513nam a2200181Ia 4500
008
090124s9999 xx 000 0 und d
082
_b
132620
100
_a
वर्दे दीपा
245
_a
मृगजळाची तहान
250
_a
1
260
_c
2004
300
_a
155
600
_a
वर्दे दीपा
630
_a
मृगजळाची तहान
700
_a
वर्दे दीपा
730
_a
मृगजळाची तहान
942
_c
BOOK
999
_c
178744
_d
178744